000 004450000a22001810004500
003 MACL
005 20150825130619.0
008 150825b xxu||||| |||| 00| 0 eng d
040 _aMACL
_cMACL
041 _aEnglish
082 _a700/GHO
100 _aGhose, Benoy
_97293
245 _aTraditional Arts & Crafts Of West Bengal
260 _bPapyrus Publishers
_c1981
_aCalcutta
350 _a35
650 _aArts
_97294
942 _cBK
_k700
_2ddc
999 _c6717
_d6717